[Event "CHI-ch (Women)"]
[Site "Santiago de Chile"]
[Date "2023.02.16"]
[Round "7"]
[White "Aguilera Merlet, Melisa Paz"]
[Black "Romero Troncoso, Liset Anais"]
[Result "1/2-1/2"]
[WhiteElo "1630"]
[BlackElo "1693"]
[PlyCount "58"]
[EventDate "2023.02.11"]
[EventType "tourn"]
[EventRounds "11"]
[EventCountry "CHI"]
[SourceTitle "CBM 212 Extra"]
[Source "ChessBase"]
[SourceDate "2023.03.31"]
[SourceVersion "1"]
[SourceVersionDate "2023.03.31"]
[SourceQuality "1"]

1. e4 g6 2. d4 Bg7 3. Ne2 d6 4. c3 Nf6 5. Qd3 0-0 6. g3 c5 7. Bg2 Nc6 8. 0-0 Rb8 9. Rd1 cxd4 10. Nxd4 Bg4 11. f3 Bd7 12. Kh1 Qc8 13. Na3 Bh3 14. Nac2 Bxg2+ 15. Kxg2 Nd7 16. Be3 Nce5 17. Qe2 Nc4 18. Nb4 Nxe3+ 19. Qxe3 Re8 20. h4 Qc5 21. Nd3 Qb6 22. Nc2 Rbc8 23. g4 Qxe3 24. Nxe3 Ne5 25. Nxe5 Bxe5 26. h5 e6 27. hxg6 hxg6 28. Rh1 Bf4 29. Nc2 Kg7 1/2-1/2

[Event "CHI-ch (Women)"]
[Site "Santiago de Chile"]
[Date "2023.02.12"]
[Round "3"]
[White "Aguilera Merlet, Melisa Paz"]
[Black "Contreras Suazo, Rocio Antonella"]
[Result "1-0"]
[WhiteElo "1630"]
[BlackElo "1758"]
[PlyCount "57"]
[EventDate "2023.02.11"]
[EventType "tourn"]
[EventRounds "11"]
[EventCountry "CHI"]
[SourceTitle "CBM 212 Extra"]
[Source "ChessBase"]
[SourceDate "2023.03.31"]
[SourceVersion "1"]
[SourceVersionDate "2023.03.31"]
[SourceQuality "1"]

1. e4 c5 2. Nf3 e6 3. d4 cxd4 4. Nxd4 a6 5. Bd3 Nf6 6. 0-0 Qc7 7. c4 d6 8. Nc3 g6 9. Qe2 Bg7 10. Nb3 0-0 11. Kh1 Nc6 12. f4 b6 13. Be3 Nb4 14. Rad1 Bb7 15. Bb1 Rac8 16. Nd2 Nd7 17. Qf2 Nc5 18. Nf3 Nc6 19. Nd4 Ne7 20. f5 Be5 21. f6 Nc6 22. Nxc6 Bxc6 23. Bxc5 bxc5 24. Qh4 Kh8 25. Rd3 h5 26. Qg5 Kh7 27. Rh3 Rh8 28. Rxh5+ gxh5 29. Qg7# 1-0

[Event "CHI-ch U20 Girls"]
[Site "Quirihue"]
[Date "2022.01.20"]
[Round "6"]
[White "Hormazabal Figueroa, Constanza Valentina"]
[Black "Aguilera Merlet, Melisa Paz"]
[Result "1-0"]
[WhiteElo "1702"]
[BlackElo "1679"]
[PlyCount "91"]
[EventDate "2022.01.17"]
[EventType "swiss"]
[EventRounds "9"]
[EventCountry "CHI"]
[SourceTitle "CBM 206 Extra"]
[Source "ChessBase"]
[SourceDate "2022.03.31"]
[SourceVersion "1"]
[SourceVersionDate "2022.03.31"]
[SourceQuality "1"]

1. e4 c5 2. Nf3 d6 3. d4 cxd4 4. Nxd4 Nf6 5. Nc3 a6 6. Bg5 e6 7. f4 Be7 8. Qe2 b5 9. a3 Bb7 10. 0-0-0 Qc7 11. e5 dxe5 12. fxe5 Nd5 13. Bd2 Nxc3 14. Bxc3 Bxa3 15. Qg4 Qxc3 16. bxa3 Qxa3+ 17. Kd2 0-0 18. Bd3 Rd8 19. Qh4 Qa5+ 20. Ke2 h6 21. Rhf1 Nc6 22. Nxc6 Bxc6 23. Qh5 Qc7 24. Rf4 Rd5 25. Kf1 Rxe5 26. Qh3 Rg5 27. Rf2 Rd8 28. Re1 Bd5 29. Kg1 Qc6 30. Ref1 Qb6 31. g3 Rc8 32. Qh4 Bc4 33. Qf4 e5 34. Qf3 Rc6 35. h4 Bxd3 36. Qxf7+ Kh7 37. hxg5 Bg6 38. Qd7 Rxc2 39. gxh6 Rc7 40. Qd5 e4 41. hxg7 Kxg7 42. Kg2 Qc6 43. Qe5+ Kh6 44. Rh1+ Bh5 45. Qxh5+ Kg7 46. Qh7# 1-0

[Event "CHI-ch U20 Girls"]
[Site "Quirihue"]
[Date "2022.01.19"]
[Round "4"]
[White "Romero Troncoso, Liset Anais"]
[Black "Aguilera Merlet, Melisa Paz"]
[Result "1-0"]
[WhiteElo "1573"]
[BlackElo "1679"]
[PlyCount "145"]
[EventDate "2022.01.17"]
[EventType "swiss"]
[EventRounds "9"]
[EventCountry "CHI"]
[SourceTitle "CBM 206 Extra"]
[Source "ChessBase"]
[SourceDate "2022.03.31"]
[SourceVersion "1"]
[SourceVersionDate "2022.03.31"]
[SourceQuality "1"]

1. d4 Nf6 2. Nf3 e6 3. e3 b6 4. Bd3 Bb7 5. Nbd2 d5 6. 0-0 Nbd7 7. c3 Ne4 8. Ne5 Nxe5 9. dxe5 Nc5 10. Bc2 Ba6 11. Ba4+ Nd7 12. Bxd7+ Qxd7 13. Re1 Be7 14. Nf3 c5 15. e4 Bb7 16. exd5 Bxd5 17. Bf4 Rd8 18. Qe2 Qb7 19. Qe3 0-0 20. Bg5 Bxg5 21. Nxg5 h6 22. Ne4 Bxe4 23. Qxe4 Qxe4 24. Rxe4 Rd2 25. b4 Rfd8 26. Kf1 cxb4 27. cxb4 Rb2 28. a3 Rdd2 29. Rf4 Re2 30. Rd1 Rxe5 31. g3 f6 32. Rd8+ Kh7 33. Rd7 Rd5 34. Rxa7 Rd1+ 35. Kg2 Rbd2 36. Rxf6 Rd7 37. Rxd7 Rxd7 38. Rxe6 Ra7 39. Re3 g5 40. f4 gxf4 41. gxf4 Kg6 42. Kf3 Kf5 43. h4 Ra8 44. Re5+ Kf6 45. Re3 Kf5 46. Rd3 Ra7 47. Rd5+ Ke6 48. Ke4 Rxa3 49. Rh5 Rh3 50. Rxh6+ Kf7 51. Rxb6 Rxh4 52. Rc6 Rh1 53. b5 Re1+ 54. Kf5 Rb1 55. b6 Rb5+ 56. Kg4 Rb4 57. Kg5 Rb5+ 58. f5 Ke7 59. Kg6 Kd7 60. Rf6 Ke8 61. Re6+ Kd7 62. Kf6 Kd8 63. Kg6 Kd7 64. Rf6 Ke8 65. Kg7 Rb1 66. Rf8+ Ke7 67. f6+ Ke6 68. Re8+ Kd7 69. Re7+ Kd6 70. b7 Rg1+ 71. Kf7 Rb1 72. Ke8 Kc6 73. f7 1-0

[Event "CHI-ch U20 Girls"]
[Site "Quirihue"]
[Date "2022.01.18"]
[Round "2"]
[White "Sanchez Tobar, Francisca Valentina"]
[Black "Aguilera Merlet, Melisa Paz"]
[Result "1-0"]
[WhiteElo "1828"]
[BlackElo "1679"]
[PlyCount "81"]
[EventDate "2022.01.17"]
[EventType "swiss"]
[EventRounds "9"]
[EventCountry "CHI"]
[SourceTitle "CBM 206 Extra"]
[Source "ChessBase"]
[SourceDate "2022.03.31"]
[SourceVersion "1"]
[SourceVersionDate "2022.03.31"]
[SourceQuality "1"]

1. e4 c5 2. Nf3 d6 3. Bb5+ Nd7 4. a4 Ngf6 5. Nc3 g6 6. 0-0 Bg7 7. Re1 0-0 8. d3 a6 9. Bc4 Ng4 10. h3 Nge5 11. Bb3 Nc6 12. Bd2 e6 13. Qc1 Re8 14. Nd1 b6 15. Ne3 Nf6 16. Nc4 d5 17. exd5 Nxd5 18. Nce5 Nxe5 19. Nxe5 Bb7 20. Bh6 Bxh6 21. Qxh6 Qf6 22. Ng4 Qg7 23. Bxd5 Bxd5 24. Qg5 Kh8 25. Nf6 Red8 26. Re3 h6 27. Qe5 Rac8 28. Rae1 Bc6 29. b3 a5 30. Rg3 Bb7 31. Rg4 Bd5 32. Rh4 g5 33. Rh5 Rf8 34. Re3 Rcd8 35. Rg3 Bc6 36. c4 Qg6 37. h4 Rxd3 38. Rxd3 Qxd3 39. Rxh6+ Kg7 40. Qxg5+ Qg6 41. Rh7# 1-0

[Event "Vina del Mar Vina CC U2200"]
[Site "Vina del Mar"]
[Date "2019.06.29"]
[Round "1.1"]
[White "Nauto Munoz, Isaias Ignacio"]
[Black "Aguilera Merlet, Melisa Paz"]
[Result "1-0"]
[WhiteElo "2083"]
[BlackElo "1716"]
[PlyCount "57"]
[EventDate "2019.06.29"]
[EventType "swiss"]
[EventRounds "6"]
[EventCountry "CHI"]
[SourceTitle "EXT 2024"]
[Source "ChessBase"]
[SourceDate "2023.10.10"]
[SourceVersion "1"]
[SourceVersionDate "2023.10.10"]
[SourceQuality "1"]

1. c4 Nf6 2. Nc3 e6 3. e4 Bb4 4. e5 Bxc3 5. bxc3 Ng8 6. Qg4 g6 7. d4 c5 8. Nf3 Qc7 9. Be2 b6 10. d5 exd5 11. cxd5 d6 12. exd6 Bxg4 13. dxc7 Nd7 14. Bf4 Ne7 15. Rd1 0-0 16. 0-0 Nf6 17. c4 Rfe8 18. h3 Bd7 19. Ne5 Nf5 20. Nxd7 Nxd7 21. Bg4 h5 22. Bxf5 gxf5 23. f3 Rac8 24. Rfe1 Kg7 25. Kf2 f6 26. Rxe8 Rxe8 27. Re1 Ne5 28. Bxe5 fxe5 29. d6 1-0

[Event "Pan American-ch U16 Girls"]
[Site "Santiago de Chile"]
[Date "2018.07.23"]
[Round "2"]
[White "Aguilera Merlet, Melisa Paz"]
[Black "Romero Chapul, Angelica Gi"]
[Result "1-0"]
[WhiteElo "1507"]
[BlackElo "1565"]
[PlyCount "56"]
[EventDate "2018.07.22"]
[EventType "swiss"]
[EventRounds "9"]
[EventCountry "CHI"]
[SourceTitle "EXT 2022"]
[Source "ChessBase"]
[SourceDate "2021.10.06"]
[SourceVersion "1"]
[SourceVersionDate "2021.10.06"]
[SourceQuality "1"]

1. e4 c5 2. Nf3 d6 3. d4 cxd4 4. Nxd4 Nf6 5. Nc3 g6 6. Be3 Bg7 7. f3 0-0 8. Bc4 Nc6 9. Qd2 Bd7 10. 0-0-0 Rc8 11. Bb3 Ne5 12. h4 h5 13. Bh6 Nc4 14. Bxc4 Rxc4 15. Bxg7 Kxg7 16. g4 Qa5 17. Nb3 Qa6 18. e5 Ne8 19. gxh5 Bf5 20. hxg6 fxg6 21. Qg5 Rf7 22. Nd4 e6 23. h5 dxe5 24. hxg6 Bxg6 25. Ne4 Rf4 26. Qxe5+ Rf6 27. Nxf6 Nxf6 28. Rdg1 Kf7 1-0

[Event "Santiago Region-ch (Women) 2nd"]
[Site "Santiago de Chile"]
[Date "2018.04.15"]
[Round "5.2"]
[White "Aguilera Merlet, Melisa Paz"]
[Black "Figueroa Bernal, Julia Dennis Paloma"]
[Result "1/2-1/2"]
[WhiteElo "1434"]
[BlackElo "1683"]
[PlyCount "105"]
[EventDate "2018.04.14"]
[EventType "swiss"]
[EventRounds "6"]
[EventCountry "CHI"]
[SourceTitle "EXT 2024"]
[Source "ChessBase"]
[SourceDate "2023.10.10"]
[SourceVersion "1"]
[SourceVersionDate "2023.10.10"]
[SourceQuality "1"]

1. e4 c5 2. Nf3 e6 3. d4 cxd4 4. Nxd4 a6 5. Nc3 Qc7 6. Be3 Bb4 7. Qd2 Nf6 8. f3 d5 9. Bd3 e5 10. Nb3 d4 11. Bxd4 exd4 12. Nxd4 0-0 13. a3 Bxc3 14. Qxc3 Qxc3+ 15. bxc3 Nbd7 16. 0-0 b5 17. Nb3 Bb7 18. Na5 Nc5 19. Rfd1 Rac8 20. c4 Ba8 21. cxb5 Nxd3 22. cxd3 axb5 23. Rac1 Nd7 24. d4 Nb6 25. d5 Nc4 26. Nxc4 bxc4 27. Rd4 c3 28. Rd3 c2 29. Rd2 Rc3 30. Rdxc2 Rxa3 31. Rc8 Ra7 32. d6 g6 33. Rxf8+ Kxf8 34. Rc8+ Kg7 35. d7 Rxd7 36. Rxa8 Rd2 37. Ra7 g5 38. Ra5 h6 39. Rd5 Rxd5 40. exd5 Kf6 41. Kf2 Ke5 42. Kg3 h5 43. h4 f6 44. f4+ gxf4+ 45. Kf3 Kxd5 46. Kxf4 Ke6 47. g3 Ke7 48. Kf5 Kf7 49. g4 hxg4 50. Kxg4 Kg6 51. h5+ Kh6 52. Kf5 Kxh5 53. Kxf6 1/2-1/2

[Event "Santiago Region-ch (Women) 2nd"]
[Site "Santiago de Chile"]
[Date "2018.04.15"]
[Round "4.4"]
[White "Galvez Aguirre, Valentina"]
[Black "Aguilera Merlet, Melisa Paz"]
[Result "0-1"]
[WhiteElo "1140"]
[BlackElo "1434"]
[PlyCount "75"]
[EventDate "2018.04.14"]
[EventType "swiss"]
[EventRounds "6"]
[EventCountry "CHI"]
[SourceTitle "EXT 2024"]
[Source "ChessBase"]
[SourceDate "2023.10.10"]
[SourceVersion "1"]
[SourceVersionDate "2023.10.10"]
[SourceQuality "1"]

1. e4 c5 2. d4 cxd4 3. c3 Nc6 4. cxd4 e6 5. Nc3 h6 6. Nf3 d6 7. Bc4 b5 8. Bb3 Bb7 9. 0-0 Be7 10. Qe2 Qc7 11. Be3 Nf6 12. Rad1 b4 13. Nb1 Nxe4 14. Qd3 d5 15. Nfd2 Nf6 16. Nf3 a5 17. Bc2 Ba6 18. Qd2 Bxf1 19. Rxf1 0-0 20. Qd3 Bd6 21. Rc1 Rac8 22. Ba4 Qb8 23. Rxc6 Rfe8 24. Rxc8 Rxc8 25. h3 Bf4 26. Bxf4 Qxf4 27. Nbd2 Ne4 28. Nb3 Qc7 29. Nfd2 Nd6 30. Nc5 Nf5 31. Ndb3 Nd6 32. Qd2 Nc4 33. Qc2 Qa7 34. Qd3 Nxb2 35. Qb5 Nc4 36. Qa6 Qc7 37. Qb7 Qd8 38. Qd7 0-1

[Event "Wch U16 Girls"]
[Site "Montevideo"]
[Date "2017.09.22"]
[Round "6"]
[White "Munoz, Clara Belen"]
[Black "Aguilera Merlet, Melisa Paz"]
[Result "0-1"]
[WhiteElo "1591"]
[BlackElo "1464"]
[PlyCount "126"]
[EventDate "2017.09.17"]
[EventType "swiss"]
[EventRounds "11"]
[EventCountry "URU"]
[SourceTitle "CBM 180 Extra"]
[Source "ChessBase"]
[SourceDate "2017.10.06"]
[SourceVersion "1"]
[SourceVersionDate "2017.10.06"]
[SourceQuality "1"]

1. e4 c5 2. Nf3 d6 3. d4 cxd4 4. Nxd4 Nf6 5. f3 a6 6. Nc3 e6 7. Be3 Be7 8. Qd2 Qc7 9. g4 Nc6 10. 0-0-0 b5 11. h4 Bb7 12. h5 Rc8 13. g5 Nd7 14. Be2 b4 15. Ncb5 axb5 16. Nxb5 Qb8 17. g6 fxg6 18. hxg6 h6 19. Nxd6+ Qxd6 20. Qxd6 Bxd6 21. Rxd6 Ke7 22. Rhd1 Rhd8 23. Bb5 Nde5 24. Bc5 Rxd6 25. Bxd6+ Kf6 26. f4 Nxg6 27. e5+ Kf7 28. f5 Ngxe5 29. fxe6+ Kxe6 30. Ba4 Rd8 31. Bb3+ Kf6 32. Rf1+ Kg6 33. Rg1+ Kh7 34. Rd1 Ba6 35. a3 Nc4 36. Bxb4 Rxd1+ 37. Kxd1 Nxb2+ 38. Kd2 Nxb4 39. axb4 Nc4+ 40. Kc3 Nd6 41. Kd4 h5 42. Kc5 Ne4+ 43. Kb6 Be2 44. Bd5 Nc3 45. Bc6 Bd1 46. b5 Bxc2 47. Ka5 Ba4 48. Kb4 Bxb5 49. Bxb5 Nxb5 50. Kxb5 h4 51. Kc5 h3 52. Kd4 h2 53. Ke5 h1Q 54. Kd4 Qc6 55. Ke5 Qd7 56. Ke4 Kg6 57. Ke5 Kg5 58. Ke4 Qd6 59. Ke3 Qb4 60. Kf3 Qe1 61. Kg2 Kg4 62. Kh2 Kf3 63. Kh3 Qg3# 0-1

[Event "Wch U16 Girls"]
[Site "Montevideo"]
[Date "2017.09.18"]
[Round "2"]
[White "Ferkova, Dominika"]
[Black "Aguilera Merlet, Melisa Paz"]
[Result "1-0"]
[WhiteElo "2035"]
[BlackElo "1464"]
[PlyCount "71"]
[EventDate "2017.09.17"]
[EventType "swiss"]
[EventRounds "11"]
[EventCountry "URU"]
[SourceTitle "CBM 180 Extra"]
[Source "ChessBase"]
[SourceDate "2017.10.06"]
[SourceVersion "1"]
[SourceVersionDate "2017.10.06"]
[SourceQuality "1"]

1. d4 Nf6 2. c4 e6 3. Nc3 Bb4 4. e3 0-0 5. Bd3 b6 6. Nge2 Bb7 7. f3 c5 8. a3 Bxc3+ 9. bxc3 Nc6 10. e4 e5 11. Be3 d6 12. 0-0 Na5 13. Ng3 Ba6 14. Qe2 Nb3 15. Rab1 cxd4 16. Bf2 Nc5 17. cxd4 Nxd3 18. Qxd3 d5 19. exd5 Qxd5 20. Rfc1 Rac8 21. Qd2 Rxc4 22. Nf5 Kh8 23. Qg5 Ne8 24. Qe7 Kg8 25. Qxa7 Rxc1+ 26. Rxc1 Qb7 27. Qxb7 Bxb7 28. dxe5 g6 29. Ne7+ Kh8 30. Bxb6 Ng7 31. Rc7 Ba6 32. Nd5 Rb8 33. Rxf7 Bc4 34. Rd7 Nf5 35. Nf6 Rxb6 36. Rxh7# 1-0

[Event "South-America-chT U14 22th"]
[Site "Medellin"]
[Date "2016.12.15"]
[Round "6.4"]
[White "Kaslan, Catherine"]
[Black "Aguilera Merlet, Melisa Paz"]
[Result "1-0"]
[WhiteElo "1702"]
[BlackElo "1524"]
[PlyCount "75"]
[EventDate "2016.12.12"]
[EventType "team-tourn"]
[EventRounds "9"]
[EventCountry "COL"]
[SourceTitle "EXT 2024"]
[Source "ChessBase"]
[SourceDate "2023.10.10"]
[SourceVersion "1"]
[SourceVersionDate "2023.10.10"]
[SourceQuality "1"]
[WhiteTeam "Surinam"]
[BlackTeam "Chile"]
[WhiteTeamCountry "SUR"]
[BlackTeamCountry "CHI"]

1. e4 c5 2. Nf3 d6 3. d4 cxd4 4. Nxd4 Nf6 5. Nc3 a6 6. Be3 b5 7. Nd5 e6 8. Nxf6+ Qxf6 9. a4 b4 10. Qd2 a5 11. Nb5 Qd8 12. 0-0-0 Bb7 13. f3 Nc6 14. Nxd6+ Bxd6 15. Qxd6 Qxd6 16. Rxd6 0-0 17. Bb5 Rfc8 18. Rhd1 Ne5 19. Bb6 Bc6 20. Rd8+ Rxd8 21. Rxd8+ Rxd8 22. Bxd8 Kf8 23. Bxa5 Ke8 24. Bxb4 Bxb5 25. axb5 Kd7 26. Bc3 f6 27. Bxe5 fxe5 28. c4 Kc7 29. c5 Kb7 30. Kc2 Kc7 31. Kc3 Kb7 32. Kb4 Kc7 33. b6+ Kc6 34. Ka5 Kb7 35. Kb5 g6 36. c6+ Kb8 37. Kc5 Kc8 38. Kd6 1-0

[Event "South-America-chT U14 22th"]
[Site "Medellin"]
[Date "2016.12.14"]
[Round "3.4"]
[White "Aguilera Merlet, Melisa Paz"]
[Black "Draguicevich, Carla"]
[Result "0-1"]
[WhiteElo "1524"]
[BlackElo "1617"]
[PlyCount "34"]
[EventDate "2016.12.12"]
[EventType "team-tourn"]
[EventRounds "9"]
[EventCountry "COL"]
[SourceTitle "EXT 2024"]
[Source "ChessBase"]
[SourceDate "2023.10.10"]
[SourceVersion "1"]
[SourceVersionDate "2023.10.10"]
[SourceQuality "1"]
[WhiteTeam "Chile"]
[BlackTeam "Argentina"]
[WhiteTeamCountry "CHI"]
[BlackTeamCountry "ARG"]

1. e4 e5 2. Nf3 Nc6 3. Bc4 Nf6 4. Ng5 d5 5. exd5 Nd4 6. c3 b5 7. cxd4 bxc4 8. dxe5 Nxd5 9. Qa4+ Bd7 10. Qxc4 Qxg5 11. Qxd5 Rd8 12. 0-0 Qg6 13. Re1 Bc6 14. Qxd8+ Kxd8 15. f3 Bxf3 16. g3 Bc5+ 17. d4 Qc2 0-1

[Event "South America-ch U14 Girls 13th"]
[Site "Santiago de Chile"]
[Date "2016.12.02"]
[Round "3"]
[White "Aguilera Merlet, Melisa Paz"]
[Black "Leiva Munoz, Antonia"]
[Result "1-0"]
[WhiteElo "1524"]
[BlackElo "1346"]
[PlyCount "63"]
[EventDate "2016.12.01"]
[EventType "swiss"]
[EventRounds "9"]
[EventCountry "CHI"]
[SourceTitle "EXT 2018"]
[Source "ChessBase"]
[SourceDate "2017.10.13"]
[SourceVersion "1"]
[SourceVersionDate "2017.10.13"]
[SourceQuality "1"]

1. e4 e5 2. Nf3 Nc6 3. Bc4 Bc5 4. b4 Bxb4 5. c3 Ba5 6. 0-0 Nf6 7. d4 exd4 8. e5 Ng4 9. cxd4 d5 10. exd6 Qxd6 11. Ba3 Bb4 12. Bxb4 Qxb4 13. Re1+ Ne7 14. Qe2 Bd7 15. a3 Qd6 16. Nc3 Bc6 17. Bb5 0-0 18. Qxe7 Rae8 19. Qxd6 Rxe1+ 20. Rxe1 cxd6 21. Bxc6 bxc6 22. Re7 h6 23. Rxa7 Rb8 24. h3 Nf6 25. a4 c5 26. dxc5 dxc5 27. Ne5 Re8 28. Nxf7 Re1+ 29. Kh2 Rf1 30. Nd6 Rxf2 31. Nce4 Nh5 32. Nxf2 1-0

[Event "Santiago U1600 op"]
[Site "Santiago de Chile"]
[Date "2016.05.29"]
[Round "7.1"]
[White "Aguilera Merlet, Melisa Paz"]
[Black "Greau Carreno, Rodrigo Alberto"]
[Result "0-1"]
[WhiteElo "1564"]
[BlackElo "1464"]
[PlyCount "80"]
[EventDate "2016.05.28"]
[EventType "swiss"]
[EventRounds "7"]
[EventCountry "CHI"]
[SourceTitle "EXT 2024"]
[Source "ChessBase"]
[SourceDate "2023.10.10"]
[SourceVersion "1"]
[SourceVersionDate "2023.10.10"]
[SourceQuality "1"]

1. e4 d5 2. exd5 Nf6 3. Nc3 Nxd5 4. Nxd5 Qxd5 5. Nf3 Nc6 6. d3 g6 7. Be2 Bg7 8. 0-0 0-0 9. c3 Bf5 10. d4 Rad8 11. Bf4 e5 12. dxe5 Nxe5 13. Qxd5 Rxd5 14. Nxe5 Bxe5 15. Bxe5 Rxe5 16. Bf3 b6 17. Rae1 Rc5 18. Re7 Be6 19. h3 h5 20. Re1 Rd8 21. a3 Kf8 22. R7xe6 fxe6 23. Rxe6 Kf7 24. Re2 Re8 25. Kf1 Rce5 26. Ke1 Rxe2+ 27. Bxe2 Kf6 28. Kf1 h4 29. Bb5 Re5 30. Bc4 g5 31. b4 a5 32. b5 Rc5 33. Be2 Rxc3 34. f3 Rxa3 35. Ke1 a4 36. Kd2 Ra2+ 37. Ke1 Rxe2+ 38. Kxe2 a3 39. Kd3 a2 40. Ke2 a1Q 0-1

[Event "Santiago U1600 op"]
[Site "Santiago de Chile"]
[Date "2016.05.28"]
[Round "3.4"]
[White "Aguilera Merlet, Melisa Paz"]
[Black "Altamirano Contador, Fernanda"]
[Result "0-1"]
[WhiteElo "1564"]
[BlackElo "1308"]
[PlyCount "82"]
[EventDate "2016.05.28"]
[EventType "swiss"]
[EventRounds "7"]
[EventCountry "CHI"]
[SourceTitle "EXT 2024"]
[Source "ChessBase"]
[SourceDate "2023.10.10"]
[SourceVersion "1"]
[SourceVersionDate "2023.10.10"]
[SourceQuality "1"]

1. e4 c5 2. Nc3 d6 3. f4 e6 4. Nf3 Nc6 5. Bb5 Bd7 6. Bxc6 Bxc6 7. 0-0 Nf6 8. d3 Be7 9. Qe1 0-0 10. Qg3 Bd7 11. e5 dxe5 12. fxe5 Ne8 13. Bh6 Kh8 14. Qxg7+ Nxg7 15. Bxg7+ Kxg7 16. Rae1 Rg8 17. Ne4 Bc6 18. Nfd2 Bxe4 19. Nxe4 Qd4+ 20. Kh1 Raf8 21. c3 Qxd3 22. Rf3 Qd5 23. Nf6 Bxf6 24. exf6+ Kh8 25. a3 Qd2 26. Rg1 Rg6 27. g3 Rh6 28. h4 Rd8 29. Rff1 Qe2 30. Re1 Qg4 31. Rg2 Rd1 32. Rxd1 Qxd1+ 33. Kh2 Rxf6 34. Kh3 Qe1 35. b4 Rf2 36. Rxf2 Qxf2 37. bxc5 Kg7 38. a4 Kf6 39. a5 Kf5 40. a6 Qf3 41. axb7 Qh1# 0-1